Learning Form 1 fractions through computer games /
Saved in:
| Main Author: | |
|---|---|
| Format: | Thesis Book |
| Language: | English |
| Published: |
2011.
|
| Subjects: | |
| Tags: |
Add Tag
No Tags, Be the first to tag this record!
|
| LEADER | 01124cam a2200277 a 4500 | ||
|---|---|---|---|
| 001 | u849992 | ||
| 003 | SIRSI | ||
| 005 | 201201201215 | ||
| 008 | 120120s2011 my a t 000 0 eng m | ||
| 040 | |a UMM | ||
| 043 | |a a-my--- | ||
| 090 | |a QA76 |b UM 2011 Moh | ||
| 100 | 0 | |a Mohana Sunthari S Muthu Krishnan. | |
| 245 | 1 | 0 | |a Learning Form 1 fractions through computer games / |c Mohana Sunthari a/p S. Muthu Krishnan. |
| 260 | |c 2011. | ||
| 300 | |a [1] xv, 280 leaves : |b ill. ; |c 30 cm. | ||
| 502 | |a Dissertation (M.Comp.Sc.) -- Jabatan Kepintaran Buatan, Fakulti Sains Komputer dan Teknologi Maklumat, Universiti Malaya, 2011. | ||
| 504 | |a Bibliography: leaves 240-248. | ||
| 650 | 0 | |a Fractions |x Study and teaching (Secondary) |z Malaysia |x Interactive multimedia. | |
| 650 | 0 | |a Educational games. | |
| 650 | 0 | |a Computer games |x Design. | |
| 650 | 0 | |a Education, Secondary |z Malaysia |x Computer-assisted instruction. | |
| 710 | 2 | 0 | |a Universiti Malaya. |b Jabatan Kepintaran Buatan. |
| 900 | |a ZA | ||
| 596 | |a 1 | ||
| 999 | |a QA76 UM 2011 MOH |w LC |c 1 |i A515033454 |d 12/1/2017 |e 12/1/2017 |f 7/1/2013 |g 1 |l STACKS |m P01UTAMA |n 6 |r Y |s Y |t TESIS |u 7/1/2013 | ||
